000 00265nam a2200097Ia 4500
001 840625
005 20250826173150.0
008 250824s9999 xx 000 0 und d
245 0 _aBİR PİRAMİDİN ÖYKÜSÜ
_cNİCHOLAZ HARRİS
260 _bBİNBİR ÇİÇEK YAYINLARI
999 _c840625
_d840625